Central Library OPAC University of Rajshahi

ওবেইদ জাগীরদার রচনাসমগ্র / (Record no. 58304)

MARC details
000 -LEADER
fixed length control field 01038nam a2200253 a 4500
001 - CONTROL NUMBER
control field 58304
003 - CONTROL NUMBER IDENTIFIER
rucl marc code BD-RjUL
005 - DATE AND TIME OF LATEST TRANSACTION
control field 20211209080615.0
008 - FIXED-LENGTH DATA ELEMENTS--GENERAL INFORMATION
fixed length control field 161217s2011 bg ||||| |||| 00| 0 ben d
020 ## - INTERNATIONAL STANDARD BOOK NUMBER
International Standard Book Number 9847035000919 (V-1)
Terms of availability : Tk.500.00
International Standard Book Number 9847035000933 (V-2)
Terms of availability : Tk.650.00
035 ## - SYSTEM CONTROL NUMBER
System control number (BD-RjUL)58428
040 ## - CATALOGING SOURCE
Original cataloging agency BD-RjUL
Language of cataloging be
Transcribing agency BD-RjUL
Modifying agency BD-RjUL
041 ## - LANGUAGE CODE
Language code of text/sound track or separate title ben
082 ## - DEWEY DECIMAL CLASSIFICATION NUMBER
Edition number 23
Classification number 327.1
Author mark and year JAO 2011
100 ## - MAIN ENTRY--PERSONAL NAME
Personal name জাগীরদার, ওবেইদ
9 (RLIN) 124811
245 10 - TITLE STATEMENT
Title ওবেইদ জাগীরদার রচনাসমগ্র /
Statement of responsibility, etc. ওবেইদ জাগীরদার
260 ## - PUBLICATION, DISTRIBUTION, ETC. (IMPRINT)
Place of publication, distribution, etc. ঢাকা :
Name of publisher, distributor, etc. র‌্যামন পাবলিশার্স
Date of publication, distribution, etc. ২০১১
300 ## - PHYSICAL DESCRIPTION
Pagination খন্ড. ;
Size ২১ সেমি .
505 ## - FORMATTED CONTENTS NOTE
Formatted contents note খন্ড. ১ জাতীয় প্রসঙ্গ -- খন্ড. ২ আন্তর্জাতিক --
650 ## - SUBJECT ADDED ENTRY--TOPICAL TERM
Topical term or geographic name as entry element আন্তর্জাতিক নীতি
9 (RLIN) 168740
Topical term or geographic name as entry element International Policy
9 (RLIN) 168741
942 ## - ADDED ENTRY ELEMENTS (KOHA)
Source of classification or shelving scheme Dewey Decimal Classification
Koha item type Books
Holdings
Lost status Source of classification or shelving scheme Damaged status Not for loan Collection code Permanent Location Current Location Shelving location Date acquired Source of acquisition Cost, normal purchase price Total Checkouts Full call number Date last seen Copy number Koha item type
  Dewey Decimal Classification   Not For Loan Non-fiction Central Library, University of Rajshahi Central Library, University of Rajshahi Reading Room 14/01/2012 Raymon Publication, Goft 500.00   B 327.1 JAO V-1 2011 17/12/2016 C-1 Books
  Dewey Decimal Classification   Not For Loan Non-fiction Central Library, University of Rajshahi Central Library, University of Rajshahi Reading Room 14/01/2012 Raymon Publication, Goft 500.00   B 327.1 JAO V-2 2011 17/12/2016 C-1 Books